000 006470000a22001810004500
003 MACL
005 20160320165603.0
008 160320b xxu||||| |||| 00| 0 eng d
040 _aMACL
_cMACL
041 _aHindi
082 _a001
100 _aआचार्य सी एस शास्‍त्री
_947935
245 _aसिविल सर्विसेज प्रा परीक्षा इतिहास धर्म एवं संस्‍कृति
260 _aदिल्‍ली
_bराजकुमार एण्‍ड संस
_c2012
350 _a495
650 _aHistory
_947936
942 _cHIN
_k001
_2ddc
999 _c47134
_d47134